| 000 -LEADER |
| fixed length control field |
01480pab a2200181 454500 |
| 008 - FIXED-LENGTH DATA ELEMENTS--GENERAL INFORMATION |
| fixed length control field |
180718b1999 xxu||||| |||| 00| 0 eng d |
| 100 ## - MAIN ENTRY--PERSONAL NAME |
| Personal name |
Siememsma, Fran |
| 245 ## - TITLE STATEMENT |
| Title |
Hopes, tensions and complexity: Indian students' reflections on the relationship of values to management education and future career options |
| 260 ## - PUBLICATION, DISTRIBUTION, ETC. |
| Date of publication, distribution, etc. |
1999 |
| 300 ## - PHYSICAL DESCRIPTION |
| Extent |
p.53-63 |
| 362 ## - DATES OF PUBLICATION AND/OR SEQUENTIAL DESIGNATION |
| Dates of publication and/or sequential designation |
Jan-Jun |
| 520 ## - SUMMARY, ETC. |
| Summary, etc. |
This case study was undertaken to explore the way in which postgraduate management students relate their personal values to their current education and future career aspirations. The research primarily focused on the perceptions of students taking an elective offered by the Management Centre for Human Values at the Indian Institute of Management, Calcutta (IIMC). Students' attitudes toward western postgraduate management programme were elicited using interviews and group discussions. Part A of the paper had presented the aiverse range of attitudes analysed under the themes of gender; personal identity; age and status; ethics, religion and spirituality; profit and wealth; as well as consumerism and environmentalism. Part B extends this exploration by direct quotes from students to illustrate their experience of tension and ambiguity, as they anticipated moving from an academic to a business role. - Reproduced |
| 650 ## - SUBJECT ADDED ENTRY--TOPICAL TERM |
| Topical term or geographic name entry element |
Students - India |
| 650 ## - SUBJECT ADDED ENTRY--TOPICAL TERM |
| Topical term or geographic name entry element |
Management education - India |
| 650 ## - SUBJECT ADDED ENTRY--TOPICAL TERM |
| Topical term or geographic name entry element |
Management education |
| 773 ## - HOST ITEM ENTRY |
| Main entry heading |
Journal of Human Values |
| 909 ## - |
| -- |
41452 |